| 000 | 00606nam a2200193 i 4500 | ||
|---|---|---|---|
| 001 | 130105 | ||
| 003 | ES-MaACL | ||
| 005 | 20230906193637.0 | ||
| 007 | t| | ||
| 008 | 070719s1878 fr ||||1| fre d | ||
| 245 | 0 | 3 |
_aLa société russe par un russe / _ctraduit par Ernest Figurey et Desiré Corbier ; avec une introduction de Antonin Proust. |
| 250 | _a3e éd. | ||
| 260 |
_aParis : _bMaurice Dreyfous, _c1878. |
||
| 300 |
_aXI, 396 p. ; _c18 cm. |
||
| 700 | 1 |
_aFigurey, Ernest. _950816 |
|
| 700 | 1 |
_aCorbier, Desiré. _940467 |
|
| 700 | 1 |
_aProust, Antonin. _994055 |
|
| 852 |
_aES-MaACL _jG-10533-4 |
||
| 999 |
_c130105 _d130105 |
||